| 000 | 01350cam a2200361 a 4500 | ||
|---|---|---|---|
| 001 | 14843756 | ||
| 003 | OSt | ||
| 005 | 20211007110420.0 | ||
| 008 | 070509s2008 flua b 001 0 eng | ||
| 010 | _a 2007019619 | ||
| 015 |
_aGBA6A2510 _2bnb |
||
| 016 | 7 |
_a013618936 _2Uk |
|
| 020 | _a9780849342059 (hc : alk. paper) | ||
| 035 | _a(OCoLC)ocm76936102 | ||
| 035 | _a(OCoLC)76936102 | ||
| 038 | _akhadija | ||
| 040 |
_aDLC _cDLC _dUKM _dBAKER _dBTCTA _dC#P _dYDXCP _dDLC |
||
| 050 | 0 | 0 |
_aTA418.9.C6 _bM28 2008 |
| 082 | 0 | 0 |
_a620.118 _222 _bMAL |
| 100 | 1 |
_aMallick, P. K., _d1946- _982992 |
|
| 245 | 1 | 0 |
_aFiber-reinforced composites : _bmaterials, manufacturing, and design / _cP.K. Mallick. |
| 250 | _a3rd ed., [expanded and rev. ed.] | ||
| 260 |
_aBoca Raton, FL : _bCRC Press, _cc2008. |
||
| 300 |
_axvii, 619 p. : _bill. ; _c25 cm. |
||
| 504 | _aIncludes bibliographical references and index. | ||
| 563 | _aHardcover | ||
| 650 | 0 |
_aFibrous composites. _91037 |
|
| 856 | 4 | 1 |
_3Table of contents only _uhttp://www.loc.gov/catdir/toc/ecip0717/2007019619.html |
| 856 | 4 | 2 |
_3Publisher description _uhttp://www.loc.gov/catdir/enhancements/fy0727/2007019619-d.html |
| 906 |
_a7 _bcbc _corignew _d1 _eecip _f20 _gy-gencatlg |
||
| 942 |
_2ddc _cBK |
||
| 999 |
_c33034 _d33034 |
||